| 000 | 01869agaaa2200337 4500 | ||
|---|---|---|---|
| 001 | 1969 | ||
| 003 | IT-RoPAU | ||
| 005 | 20220918181243.0 | ||
| 007 | d cvaizq | ||
| 008 | 50131s9999||||xx ||| | || ||und|| | ||
| 040 |
_aIT-RoPAU _cIT-RoPAU |
||
| 041 | _aITALIANO | ||
| 100 |
_aBergman Ingmar _gCodice regista SPICS: 9304 _934076 |
||
| 130 |
_aVOLTO (IL) _934082 |
||
| 240 |
_aANSIKTET _gT0682 |
||
| 245 |
_aVOLTO (IL) _cProdotto da: Svensk Filmindustri -- Sceneggiatura: Ingmar Bergman -- Diretto da: Bergman Ingmar _pVOLTO (IL) (Rif. Codice opera principale : 71969) |
||
| 246 | _aANSIKTET | ||
| 250 | _aEdizione Standard | ||
| 260 |
_a(SVEZIA) _bSVENSK / Distribuzione: MASTER VIDEO _g"1958 (1° ed.: 1988 ; Ed. Lingua Orig.: 1958)" |
||
| 300 |
_aVHS _bsonoro, col. _c98 minuti |
||
| 508 | _a"Fotografia: Gunnar Fischer; Montaggio: Oscar Rosande; Musica: Nordgren Erik; Sceneggiatura: Ingmar Bergman; Scenografia: Ludgreen P.A.; " | ||
| 511 | _a"Max-Von-Sydow; Ingrid-Thulin; Gunnar-Bjornstrand; Bibi-Andersson; Maima-Wifstrand" | ||
| 520 | _aALTRO-INTERPRETE-ERLAND-JOSEPHSON TEMATICHE: PROBLEMI-SPIRITUALI-DELL'ESISTENZA BERGMAN-E-IL-CINEMA-NORDICO FEDE-E-RAGIONE-A-CONFRONTOPREMIO SPECIALE DELLA GIURIA PER L'ORIGINALITA' POETICA E LA RAFFINATEZZA FORMALE, VENEZIA 1959 PREMIO PASINETTI E PREMIO TARGA DEL CINEMA NUOVOVITA VISTA COME COSTANTE E AFFANNOSA RICERCA DELLA VERITA' E DI DIO AMORE CHE ATTUTISCE L'ANGOSCIA DELL'INCERTEZZA E FACILITA IL CAMMINO VERSO LA SCOPERTA | ||
| 538 | _aPAL, STEREO | ||
| 546 | _aITALIANO | ||
| 650 |
_aDRAMMATICO _eFILMS [VHS] _xCodice MATERIA SPICS: 9960 _934083 |
||
| 700 |
_aBergman Ingmar _e(regista) _gCodice regista SPICS: 9304 _934076 |
||
| 700 |
_aBergman Ingmar _e(soggetto) _gCodice Soggetto SPICS: 9304 _934084 |
||
| 700 |
_aNordgren Erik _e(musica) _gCodice Musica SPICS: 25396 _934085 |
||
| 942 |
_cVH _2ddc |
||
| 999 |
_c106256 _d106256 |
||